| 000 | 01631nam a2200361 a 4500 | ||
|---|---|---|---|
| 001 | ebr10672814 | ||
| 003 | CaPaEBR | ||
| 006 | m o u | ||
| 007 | cr cn||||||||| | ||
| 008 | 150303s2013 dcuad sb 000 0 eng d | ||
| 020 | _z9780821396551 | ||
| 020 | _z9780821397985 (e-book) | ||
| 040 |
_aCaPaEBR _cCaPaEBR |
||
| 035 | _a(OCoLC)831117422 | ||
| 050 | 1 | 4 |
_aHD7288.85.D44 _b.P47 2013 2013eb |
| 082 | 0 | 4 |
_a333.33/8 _223 |
| 100 | 1 | _aPeppercorn, Ira Gary. | |
| 245 | 1 | 0 |
_aRental housing _h[electronic resource] : _blessons from international experience and policies for emerging markets / _cIra Gary Peppercorn and Claude Taffin. |
| 260 |
_aWashington, D.C. : _bWorld Bank, _cc2013. |
||
| 300 |
_a1 online resource (xxv, 146 p.). : _bill., charts. |
||
| 490 | 1 | _aDirections in development Finance | |
| 504 | _aIncludes bibliographical references at the end of each chapters. | ||
| 533 |
_aElectronic reproduction. _bPalo Alto, Calif. : _cebrary, _d2015. _nAvailable via World Wide Web. _nAccess may be limited to ebrary affiliated libraries. |
||
| 588 | _aDescription based on online resource; title from title page (ebrary, viewed April 18, 2013). | ||
| 650 | 0 |
_aRental housing _zDeveloping countries. |
|
| 650 | 0 |
_aHousing policy _zDeveloping countries. |
|
| 655 | 7 |
_aElectronic books. _2local |
|
| 700 | 1 | _aTaffin, Claude. | |
| 710 | 2 | _aebrary, Inc. | |
| 710 | 2 | _aWorld Bank. | |
| 830 | 0 |
_aDirections in development (Washington, D.C.). _pFinance. |
|
| 856 | 4 | 0 |
_uhttp://site.ebrary.com/lib/rucke/Doc?id=10672814 _zAn electronic book accessible through the World Wide Web; click to view |
| 999 |
_c163633 _d163633 |
||